Central Library OPAC University of Rajshahi

The Purgatory of Dante Alighieri : (Record no. 23308)

MARC details
000 -LEADER
fixed length control field 00981cam a2200277u 4500
001 - CONTROL NUMBER
control field 23308
003 - CONTROL NUMBER IDENTIFIER
rucl marc code BD-RjUL
005 - DATE AND TIME OF LATEST TRANSACTION
control field 20211209000921.0
008 - FIXED-LENGTH DATA ELEMENTS--GENERAL INFORMATION
fixed length control field 140310m1899enk a 000 0 eng
035 ## - SYSTEM CONTROL NUMBER
System control number (BD-RjUL)23373
040 ## - CATALOGING SOURCE
Original cataloging agency DLC
Transcribing agency BD-RjUL
Modifying agency BD-RjUL
Language of cataloging eng
041 ## - LANGUAGE CODE
Language code of text/sound track or separate title eng
082 ## - DEWEY DECIMAL CLASSIFICATION NUMBER
Classification number 843.912
Author mark and year SHP 1899
100 0# - MAIN ENTRY--PERSONAL NAME
Personal name Shadwell, Charles Lancelot,
Dates associated with a name 1265-1321.
Fuller form of name Charles Lancelot Shadwell.
9 (RLIN) 71823
245 04 - TITLE STATEMENT
Title The Purgatory of Dante Alighieri :
Remainder of title An experiment in literal verse translation /
Statement of responsibility, etc. Charles Lancelot Shadwell.
Number of part/section of a work PART II.
Name of part/section of a work THE EARTHLY PARADISE.
260 ## - PUBLICATION, DISTRIBUTION, ETC. (IMPRINT)
Place of publication, distribution, etc. London
-- New York,
Name of publisher, distributor, etc. Macmillan and co.,
Date of publication, distribution, etc. 1899.
300 ## - PHYSICAL DESCRIPTION
Pagination various pags. :
Size 21 cm.
650 ## - SUBJECT ADDED ENTRY--TOPICAL TERM
Topical term or geographic name as entry element English literacy.
9 (RLIN) 71824
700 1# - ADDED ENTRY--PERSONAL NAME
Personal name Pater, Walter,
Dates associated with a name 1839-1894.
Personal name Earle, John,
Dates associated with a name 1824-1903.
Personal name Shadwell, Charles Lancelot,
Dates associated with a name 1840-1919,
Relator term tr.
942 ## - ADDED ENTRY ELEMENTS (KOHA)
Source of classification or shelving scheme Dewey Decimal Classification
Koha item type Books
Holdings
Lost status Source of classification or shelving scheme Damaged status Not for loan Collection code Permanent Location Current Location Shelving location Date acquired Source of acquisition Cost, normal purchase price Total Checkouts Full call number Date last seen Copy number Koha item type
  Dewey Decimal Classification   Added to bundle Fiction Central Library, University of Rajshahi Central Library, University of Rajshahi Reading Room 11/07/1956 Black well 12.60   843.912 SHP 1899 10/03/2014 C-1 Books